NFL Teams Most Likely to Make the Playoffs - Statistics

General Stats
  • This quiz has been taken 1,042 times
    926 since last reset
  • The average score is 7 of 10
Answer Stats
% Record Team % Correct
93 2-0 Kansas City Chiefs
95%
92 2-0 Baltimore Ravens
83%
71 2-0 Buffalo Bills
76%
82 2-0 Green Bay Packers
74%
77 2-0 Pittsburgh Steelers
71%
71 2-0 Los Angeles Rams
69%
73 1-1 Dallas Cowboys
65%
78 2-0 Seattle Seahawks
65%
71 1-1 New Orleans Saints
63%
75 2-0 Tennessee Titans
61%
No matching quizzes found
Score Distribution
Percent of People with Each Score
Percentile by Number Answered
Your Score History
You have not taken this quiz since the last reset